| 000 | 00495nam a2200157 a 4500 | ||
|---|---|---|---|
| 001 | ASIN0170107981 | ||
| 005 | 20170105102925.0 | ||
| 008 | 131211s2003 xxu eng d | ||
| 040 | _a0 | ||
| 082 |
_a371.100994 _bGRO 2003 |
||
| 100 | _aGroundwater-Smith, Susan | ||
| 245 | 0 | 0 |
_aTeaching : _bchallenges and dilemmas infotrac. _cSusan Groundwater- Smith |
| 300 | _a1 v. (unpaged) | ||
| 856 | 4 | 0 |
_3Amazon.com _uhttp://www.amazon.com/exec/obidos/ASIN/0170107981/chopaconline-20 |
| 942 |
_2ddc _cBK |
||
| 999 |
_c15801 _d15801 |
||